ZKM Gdynia - 909 - Statystyki

Ogólne statystyki
  • Ten quiz został rozwiązany 5 razy
  • Średni wynik to 7 z 9
Statystyki odpowiedzi
Ulica Przystanek % Poprawnych
Kazimierza Górskiego Centrum Handlowe "Riviera"
100%
Kazimierza Górskiego Centrum Handlowe "Riviera"
100%
Kazimierza Górskiego Gdynia Arena
75%
Kazimierza Górskiego Gdynia Arena
75%
Kazimierza Górskiego Gdynia Arena
75%
Sportowa Stadion PKM
75%
Świętojańska Skwer Kościuszki - InfoBox
50%
Świętojańska Urząd Miasta - Świętojańska
50%
Władysława IV Urząd Miasta - Władysława IV
50%
Nie znaleziono quizów pasujących do podanych kryteriów
Rozkład punktacji
Procent ludzi z każdym wynikiem
Percentyl według liczby udzielonych odpowiedzi
Twoja historia wyników
Nie rozwiązałeś tego quizu